| 000 | 00687nam a2200229 a 4500 | ||
|---|---|---|---|
| 008 | |||
| 020 | _a0256122784 (hbk.) | ||
| 049 | _aMAIN | ||
| 090 |
_aHF5415.33 _bPET |
||
| 100 | 1 | _aPeter, J. Paul. | |
| 245 | 1 | 0 |
_aUnderstanding consumer behavior / _cJ. Paul Peter and Jerry C. Olson. |
| 260 |
_aBurr Ridge, Ill. : _bIrwin, _c1994. |
||
| 300 |
_axv, 485 p. : _bill. (some col.) ; _c26 cm. |
||
| 440 | 4 | _aThe Irwin series in marketing. | |
| 650 | 1 | _aConsumer behaviour. | |
| 700 | _aOlson, Jerry C. | ||
| 907 |
_a.b10086523 _b03-10-11 _c21-08-03 |
||
| 003 | |||
| 005 | 20230123133402.0 | ||
| 040 | _cNUST | ||
| 942 |
_cBOOKS _kHF5415.33 _mPET |
||
| 999 |
_c147696 _d147696 |
||